[Event "chess.com SpeedChess Q1Sw"]
[Site "chess.com INT"]
[Date "2022.11.10"]
[Round "5"]
[White "Bok, Benjamin"]
[Black "Paravyan, David"]
[Result "0-1"]
[WhiteTitle "GM"]
[BlackTitle "GM"]
[WhiteElo "2618"]
[BlackElo "2586"]
[WhiteFideId "1017063"]
[BlackFideId "4194985"]
[EventDate "2022.11.10"]

1. d4 Nf6 2. c4 g6 3. Nf3 Bg7 4. g3 O-O 5. Bg2 d5 6. O-O dxc4 7. Na3 c5 8. dxc5
c3 9. Nb5 Na6 10. Nxc3 Nxc5 11. Be3 Nce4 12. Nxe4 Nxe4 13. Nd4 Nd6 14. Qb3 Bg4
15. Rfd1 Qa5 16. h3 Bd7 17. Rac1 Rac8 18. Qd5 Qxd5 19. Bxd5 Bxh3 20. b4 Bd7 21.
Nb3 b6 22. Nd4 Ba4 23. Nc6 Rxc6 24. Bxc6 Bxd1 25. Rxd1 Rc8 26. b5 Bc3 27. Bf4
Bb4 28. Kg2 h5 29. Rd3 Bc5 30. a4 a5 31. e4 Kg7 32. e5 Nc4 33. Rd7 g5 0-1

[Event "chess.com SpeedChess Q1Sw"]
[Site "chess.com INT"]
[Date "2022.11.10"]
[Round "5"]
[White "Garv, Gaur"]
[Black "Rohith, Krishna S"]
[Result "0-1"]
[WhiteTitle "CM"]
[BlackTitle "FM"]
[WhiteElo "1973"]
[BlackElo "2380"]
[WhiteFideId "45030839"]
[BlackFideId "46617051"]
[EventDate "2022.11.10"]

1. d4 f5 2. g3 Nf6 3. Bg2 g6 4. c4 Bg7 5. Nf3 O-O 6. O-O d6 7. Nc3 c6 8. Re1 Qc7
9. d5 e5 10. dxe6 Bxe6 11. Bf4 Rd8 12. c5 Ne8 13. Ng5 Bc4 14. Qa4 Bf7 15. Rad1
h6 16. Nxf7 Qxf7 17. cxd6 g5 18. Be3 Rxd6 19. Bc5 Rxd1 20. Rxd1 Nd7 21. Ba3 Ne5
22. Nd5 Kh8 23. Ne7 f4 24. Be4 Nf6 25. Bf5 Nd5 26. Nxd5 Qxf5 27. Nc7 Rf8 28.
Qxa7 fxg3 29. hxg3 Rg8 30. Qe3 Ng4 31. Qf3 Qc8 32. Qf7 Ne5 33. Qe7 Qh3 34. Ne6
Ng4 0-1

[Event "chess.com SpeedChess Q1Sw"]
[Site "chess.com INT"]
[Date "2022.11.10"]
[Round "5"]
[White "Sevian, Samuel"]
[Black "Bordi, Kevin"]
[Result "0-1"]
[WhiteTitle "GM"]
[WhiteElo "2687"]
[BlackElo "2288"]
[WhiteFideId "2040506"]
[BlackFideId "621862"]
[EventDate "2022.11.10"]

1. d4 d5 2. Nf3 Nf6 3. c4 c6 4. e3 Bf5 5. Nc3 e6 6. Qb3 Qb6 7. Nh4 Be4 8. f3
Qxb3 9. axb3 Bc2 10. c5 g5 11. Kd2 Bxb3 12. Ra3 Bc4 13. Bxc4 dxc4 14. Ne4 Nxe4+
15. fxe4 gxh4 16. Kc3 b5 17. b3 cxb3 18. Ra5 Be7 19. Kxb3 Bd8 20. Ra2 a5 21. e5
a4+ 22. Kc3 Ba5+ 23. Kd3 Nd7 24. Rf1 Rd8 25. Ke4 Rf8 26. Raf2 b4 27. Bd2 a3 28.
Ra1 Rb8 29. Kd3 f6 30. exf6 Rxf6 31. Re2 e5 32. Kc4 Re6 33. Rf2 Ke7 34. e4 exd4
35. Kxd4 Rf8 36. Bg5+ Ke8 37. Re2 Bc7 38. Kc4 Re5 39. Bd2 Rxc5+ 40. Kxb4 Bd6 41.
Kb3 Rb5+ 42. Kc2 Rb2+ 43. Kd3 Nc5+ 44. Kc4 Nb3 45. Rae1 Nxd2+ 46. Kd3 Nb3 47.
Rxb2 axb2 48. Kc2 Rf2+ 49. Kxb3 Be5 50. Ka2 Rxg2 51. h3 Ke7 52. Rf1 c5 53. Kb1
c4 54. Rd1 c3 55. Ka2 c2 56. Rf1 b1=Q+ 57. Ka3 Rg3+ 0-1

[Event "chess.com SpeedChess Q1Sw"]
[Site "chess.com INT"]
[Date "2022.11.10"]
[Round "5"]
[White "Harsh, Suresh"]
[Black "Czerw, Dawid"]
[Result "1-0"]
[WhiteTitle "FM"]
[BlackTitle "FM"]
[WhiteElo "2280"]
[BlackElo "2373"]
[WhiteFideId "45018464"]
[BlackFideId "1145746"]
[EventDate "2022.11.10"]

1. Nf3 Nf6 2. c4 c5 3. g3 Nc6 4. Bg2 e6 5. O-O Qb6 6. b3 d5 7. Nc3 d4 8. Na4 Qc7
9. d3 Be7 10. e3 O-O 11. exd4 cxd4 12. Re1 Nd7 13. a3 a6 14. b4 b5 15. Nb2 Bb7
16. Bf4 Bd6 17. Bxd6 Qxd6 18. Qd2 e5 19. Rac1 Rae8 20. c5 Qc7 21. Ng5 Nf6 22.
Re2 h6 23. Ne4 Nxe4 24. Bxe4 Kh8 25. Rce1 f5 26. Bg2 f4 27. gxf4 Rxf4 28. Qxf4
exf4 29. Rxe8+ Kh7 30. Be4+ g6 31. Bxc6 Qxc6 32. R1e7# 1-0

[Event "chess.com SpeedChess Q1Sw"]
[Site "chess.com INT"]
[Date "2022.11.10"]
[Round "5"]
[White "Donchenko, Alexander"]
[Black "Lazavik, Denis"]
[Result "1/2-1/2"]
[WhiteTitle "GM"]
[BlackTitle "IM"]
[WhiteElo "2645"]
[BlackElo "2529"]
[WhiteFideId "24603295"]
[BlackFideId "13515110"]
[EventDate "2022.11.10"]

1. Nf3 Nf6 2. g3 d5 3. Bg2 e6 4. c4 Be7 5. O-O O-O 6. b3 c5 7. Bb2 Nc6 8. e3 b6
9. Nc3 Bb7 10. cxd5 Nxd5 11. Nxd5 Qxd5 12. d4 Qf5 13. Ne5 Nxe5 14. Bxb7 Rad8 15.
Qe2 cxd4 16. exd4 Nd7 17. Be4 Qa5 18. d5 Bf6 19. dxe6 fxe6 20. Bg2 Bxb2 21. Qxb2
Nf6 22. Rad1 Qc5 23. Qe2 e5 24. Rfe1 Rxd1 25. Rxd1 e4 26. h3 Re8 27. Qe3 Qxe3
28. fxe3 Rc8 29. Rd2 Kf7 30. Kf2 Ke6 31. Bf1 Ke5 32. Bc4 Rc7 33. Rd8 Rd7 34.
Rxd7 Nxd7 35. b4 Nf6 36. Ke2 Nd5 37. a3 Nc3+ 38. Ke1 Nb1 39. a4 a5 40. bxa5 bxa5
41. Bb3 1/2-1/2

[Event "chess.com SpeedChess Q1Sw"]
[Site "chess.com INT"]
[Date "2022.11.10"]
[Round "5"]
[White "Aitbayev, Aslan"]
[Black "Leiva, Gianmarco"]
[Result "1-0"]
[WhiteTitle "IM"]
[BlackTitle "IM"]
[WhiteElo "2421"]
[BlackElo "2366"]
[WhiteFideId "13704613"]
[BlackFideId "3804399"]
[EventDate "2022.11.10"]

1. e4 c5 2. Nf3 d6 3. d4 cxd4 4. Nxd4 Nf6 5. Nc3 a6 6. Be3 e5 7. Nf3 Be7 8. Bc4
O-O 9. O-O Nc6 10. Re1 Na5 11. Bf1 h6 12. Nd5 Nxd5 13. exd5 b5 14. a4 Nc4 15.
axb5 Nxe3 16. Rxe3 a5 17. Nd2 Bd7 18. Rea3 Qc7 19. b4 a4 20. Rxa4 Rxa4 21. Rxa4
Qc3 22. Ne4 Qb2 23. c4 Bf5 24. Bd3 Bxe4 25. Bxe4 f5 26. Bd3 e4 27. Bf1 Bf6 28.
Qe2 Qxb4 29. Rxb4 1-0

[Event "chess.com SpeedChess Q1Sw"]
[Site "chess.com INT"]
[Date "2022.11.10"]
[Round "5"]
[White "Stribuk, Artiom"]
[Black "Gireman, Ja"]
[Result "1-0"]
[WhiteTitle "FM"]
[BlackTitle "CM"]
[WhiteElo "2312"]
[BlackElo "2185"]
[WhiteFideId "13515659"]
[BlackFideId "5043794"]
[EventDate "2022.11.10"]

1. d4 Nf6 2. c4 g6 3. g3 d5 4. cxd5 Nxd5 5. Bg2 Bg7 6. Nf3 O-O 7. O-O Nb6 8. Nc3
Nc6 9. e3 e5 10. d5 Nb4 11. e4 a5 12. a3 Na6 13. Qe2 Re8 14. Bg5 f6 15. Be3 f5
16. Rac1 Nd7 17. Ng5 Nf6 18. Rfd1 Ng4 19. Ne6 Bxe6 20. dxe6 Qf6 21. exf5 gxf5
22. Bxb7 Ra7 23. Bxa6 Rxa6 24. Qxa6 f4 25. Ba7 Qh6 26. h4 Bf6 27. Qe2 Qh5 28.
Ne4 Bxh4 29. gxh4 Qxh4 30. Qxg4+ Qxg4+ 31. Kf1 Qxe6 32. Rxc7 Qh3+ 33. Ke2 Qg4+
34. f3 Qg2+ 35. Bf2 1-0

[Event "chess.com SpeedChess Q1Sw"]
[Site "chess.com INT"]
[Date "2022.11.10"]
[Round "5"]
[White "Dushyant, Sharma"]
[Black "Pakleza, Zbigniew"]
[Result "0-1"]
[WhiteTitle "IM"]
[BlackTitle "GM"]
[WhiteElo "2370"]
[BlackElo "2496"]
[WhiteFideId "25065130"]
[BlackFideId "1119290"]
[EventDate "2022.11.10"]

1. e4 d6 2. Nf3 Nf6 3. Nc3 Bg4 4. h3 Bh5 5. d4 e6 6. Be3 Be7 7. Bd3 d5 8. e5
Nfd7 9. g4 Bg6 10. Bxg6 hxg6 11. Ne2 c5 12. c3 Nc6 13. Qd2 Qb6 14. O-O-O cxd4
15. Nexd4 Qa6 16. Nxc6 bxc6 17. Kb1 Rb8 18. Bg5 Ba3 19. b3 Nc5 20. Nd4 Ne4 21.
Qe3 c5 22. Nc2 c4 23. b4 Qa4 24. Rd4 Nxg5 25. Qxg5 a5 26. Nxa3 Qxa3 27. Qc1 axb4
28. Qxa3 bxa3+ 29. Ka1 Rb2 30. f4 Rc2 31. f5 Rxh3 32. Rb1 Rhh2 33. Rb8+ Kd7 34.
Rd1 Rxa2+ 35. Kb1 Rab2+ 36. Rxb2 Rxb2+ 37. Ka1 Rc2 38. fxg6 fxg6 39. Rf1 Rxc3 0-1

[Event "chess.com SpeedChess Q1Sw"]
[Site "chess.com INT"]
[Date "2022.11.10"]
[Round "5"]
[White "Samadov, Read"]
[Black "Rostomyan, Mikayel"]
[Result "1/2-1/2"]
[WhiteTitle "FM"]
[BlackTitle "CM"]
[WhiteElo "2450"]
[BlackElo "2219"]
[WhiteFideId "13417444"]
[BlackFideId "13313754"]
[EventDate "2022.11.10"]

1. d4 d5 2. c4 e5 3. dxe5 Ne7 4. cxd5 Qxd5 5. Qxd5 Nxd5 6. Bd2 Nc6 7. Nf3 Ndb4
8. Na3 Be6 9. e3 h6 10. Bb5 O-O-O 11. O-O Bg4 12. Bc3 Nd5 13. Nc4 Nxc3 14. bxc3
Ne7 15. Rfd1 Rxd1+ 16. Rxd1 a6 17. Be8 Be6 18. Na5 Nd5 19. Nd4 Nxc3 20. Rd3 Bb4
21. Nxe6 Rxe8 22. Nxg7 Rg8 23. Nf5 Rg5 24. a3 Bxa5 25. Ne7+ Kb8 26. f4 Rg7 27.
Rd8+ Ka7 28. Nc8+ Kb8 29. Nd6+ Ka7 30. Nc8+ Kb8 31. Nb6+ Ka7 32. Nc8+ 1/2-1/2

[Event "chess.com SpeedChess Q1Sw"]
[Site "chess.com INT"]
[Date "2022.11.10"]
[Round "5"]
[White "Guzman Moneo, Alberto"]
[Black "Ambartsumova, Karina"]
[Result "0-1"]
[WhiteTitle "CM"]
[BlackTitle "IM"]
[WhiteElo "2146"]
[BlackElo "2399"]
[WhiteFideId "2209616"]
[BlackFideId "4166299"]
[EventDate "2022.11.10"]

1. e4 c5 2. Nc3 Nc6 3. Bb5 Nd4 4. Nf3 g6 5. O-O Bg7 6. Nxd4 cxd4 7. Ne2 Nf6 8.
d3 a6 9. Ba4 b5 10. Bb3 Qb6 11. c3 dxc3 12. bxc3 O-O 13. a4 Bb7 14. a5 Qc7 15.
Bf4 e5 16. Bd2 d5 17. exd5 Nxd5 18. c4 bxc4 19. Bxc4 Qc6 20. f3 Qc5+ 21. Kh1 Ne3
22. Bxe3 Qxe3 23. Rb1 Bc8 24. Nc3 Qd4 25. Nd5 Ra7 26. Qe2 Be6 27. Qe4 Qc5 28.
Nb6 Bf5 29. Qe1 Rd8 30. Qc3 e4 31. Bxf7+ Rxf7 32. Qxc5 exd3 33. Rbd1 Kh8 34. Qc4
Re7 35. Qxa6 d2 36. Qc4 Ree8 37. a6 Bd3 38. Qc7 Bxf1 39. a7 Be2 40. a8=Q Rxa8
41. Nxa8 Bxd1 42. h4 Re1+ 43. Kh2 Be5+ 44. Qxe5+ Rxe5 0-1

[Event "chess.com SpeedChess Q1Sw"]
[Site "chess.com INT"]
[Date "2022.11.10"]
[Round "5"]
[White "Swiercz, Dariusz"]
[Black "Firat, Burak"]
[Result "1-0"]
[WhiteTitle "GM"]
[BlackTitle "GM"]
[WhiteElo "2646"]
[BlackElo "2460"]
[WhiteFideId "1126881"]
[BlackFideId "6305881"]
[EventDate "2022.11.10"]

1. d4 d5 2. c4 e6 3. Nf3 a6 4. Bg5 f6 5. Bd2 dxc4 6. a4 c5 7. e3 cxd4 8. exd4
Qc7 9. Qc2 Ne7 10. Bxc4 Nd5 11. Qb3 Nc6 12. O-O Na5 13. Bxa5 Qxa5 14. Nc3 Nc7
15. Rfe1 Qb4 16. Qa2 Be7 17. d5 e5 18. Rad1 Bd6 19. a5 Bf5 20. Nd4 Bg4 21. Rd3
O-O 22. Ne6 Rfc8 23. h3 Nxe6 24. dxe6 Qxc4 25. Qxc4 Rxc4 26. Rxd6 Bh5 27. Nd5
Re8 28. g4 Bg6 29. Rd1 Be4 30. Nb6 Bc6 31. Nxc4 1-0

[Event "chess.com SpeedChess Q1Sw"]
[Site "chess.com INT"]
[Date "2022.11.10"]
[Round "5"]
[White "Svane, Frederik"]
[Black "Szente Varga, Fruzsina"]
[Result "1-0"]
[WhiteTitle "GM"]
[BlackTitle "WFM"]
[WhiteElo "2568"]
[BlackElo "2075"]
[WhiteFideId "12923044"]
[BlackFideId "712264"]
[EventDate "2022.11.10"]

1. e4 Nf6 2. e5 Nd5 3. Nc3 Nxc3 4. dxc3 d6 5. exd6 exd6 6. Nf3 Be7 7. Be3 O-O 8.
Qd2 Nc6 9. O-O-O a5 10. h4 a4 11. a3 Bf6 12. Bd3 Be6 13. Ng5 h6 14. f4 Bg4 15.
Rde1 Re8 16. Bc4 Bxg5 17. hxg5 h5 18. g6 Re7 19. gxf7+ Kf8 20. f5 Ne5 21. f6
Nxc4 22. fxe7+ Qxe7 23. Qd3 Nxe3 24. Rxe3 Qg5 25. Rf1 Ra5 26. Kb1 Bf5 27. Re8+
Kxf7 28. Qe4 Kg6 29. Qxb7 Qd2 30. Rc1 Qe3 31. Rxe3 1-0

[Event "chess.com SpeedChess Q1Sw"]
[Site "chess.com INT"]
[Date "2022.11.10"]
[Round "5"]
[White "Narayanan, S.L."]
[Black "Predke, Alexandr"]
[Result "1-0"]
[WhiteTitle "GM"]
[BlackTitle "GM"]
[WhiteElo "2673"]
[BlackElo "2684"]
[WhiteFideId "5058422"]
[BlackFideId "24107581"]
[EventDate "2022.11.10"]

1. c4 e6 2. g3 d5 3. Bg2 Nf6 4. Nf3 Be7 5. O-O O-O 6. d4 c6 7. b3 b6 8. Bb2 Nbd7
9. Nbd2 Bb7 10. Ne5 c5 11. cxd5 Bxd5 12. Nc6 Qe8 13. Nxe7+ Qxe7 14. Nf3 Rfd8 15.
Rc1 Rac8 16. Qd3 Rc7 17. dxc5 Nxc5 18. Qe3 h6 19. h3 Rcc8 20. Rfd1 Ncd7 21. Rxc8
Rxc8 22. Rc1 Rxc1+ 23. Qxc1 Qc5 24. Qd2 Ne4 25. Qd4 Nef6 26. Qxc5 Nxc5 27. Bf1
Be4 28. Nd2 Bb7 29. f3 Nd5 30. Kf2 Ba6 31. Bd4 Nb4 32. a3 Nc2 33. Bb2 f6 34. f4
Kf7 35. Bg2 Bb7 36. Bxb7 Nxb7 37. e3 b5 38. Ke2 Nc5 39. b4 Na4 40. Bc1 e5 41.
Nb3 exf4 42. exf4 Nc3+ 43. Kd3 1-0

[Event "chess.com SpeedChess Q1Sw"]
[Site "chess.com INT"]
[Date "2022.11.10"]
[Round "5"]
[White "Kovalev, Vladislav"]
[Black "Xiong, Jeffery"]
[Result "0-1"]
[WhiteTitle "GM"]
[BlackTitle "GM"]
[WhiteElo "2623"]
[BlackElo "2692"]
[WhiteFideId "13504398"]
[BlackFideId "2047640"]
[EventDate "2022.11.10"]

1. e4 c5 2. Nf3 d6 3. Bb5+ Nc6 4. d4 cxd4 5. Qxd4 a6 6. Bxc6+ bxc6 7. c4 e5 8.
Qd3 Qc7 9. Nc3 Ne7 10. O-O Ng6 11. Be3 Be7 12. c5 dxc5 13. Na4 O-O 14. Bxc5 Bg4
15. Bxe7 Qxe7 16. Qe3 Nf4 17. Rfd1 Qf6 18. Rd2 Rad8 19. Rad1 h6 20. Nc5 Rxd2 21.
Rxd2 Nxg2 22. Kxg2 Bxf3+ 23. Kf1 Bg4 24. Nxa6 Ra8 25. Nb4 c5 26. Nd5 Qh4 27. Qg3
Bh3+ 28. Ke1 Qxe4+ 29. Ne3 Be6 30. b3 Qb1+ 31. Ke2 Rxa2 32. Qxe5 Rxd2+ 33. Kxd2
Qa2+ 34. Ke1 Qa5+ 35. Ke2 Qb5+ 36. Kf3 Qc6+ 37. Kg3 f6 38. Qc3 Qd6+ 39. f4 Qd4
40. Qxd4 cxd4 41. Nc2 d3 42. Nd4 d2 0-1

[Event "chess.com SpeedChess Q1Sw"]
[Site "chess.com INT"]
[Date "2022.11.10"]
[Round "5"]
[White "Odegov, Artem"]
[Black "Sokac, Marko"]
[Result "0-1"]
[WhiteTitle "FM"]
[BlackTitle "FM"]
[WhiteElo "2286"]
[BlackElo "2265"]
[WhiteFideId "34183644"]
[BlackFideId "14531356"]
[EventDate "2022.11.10"]

1. d4 Nf6 2. c4 e5 3. dxe5 Ng4 4. Bf4 g5 5. Bg3 Bg7 6. Nf3 Nc6 7. h4 Ngxe5 8.
Nxg5 Nxc4 9. Nc3 O-O 10. e3 N4e5 11. Qc2 f5 12. O-O-O h6 13. Nf3 d6 14. Nxe5
Nxe5 15. Be2 Be6 16. Kb1 Qf6 17. Nd5 Qf7 18. Nc3 a5 19. Rd2 a4 20. Rhd1 a3 21.
b3 Nc6 22. Nb5 Rfc8 23. Nd4 Nxd4 24. exd4 Bd5 25. Bd3 Rf8 26. f3 Bxd4 27. Bxf5
c5 28. Bg6 Qg7 29. Bxd6 Rf6 30. Bxc5 Bxc5 31. Rxd5 Be7 32. Be4 Rc6 33. Rd8+ Rxd8
34. Bxc6 Rxd1+ 35. Qxd1 Qb2# 0-1

[Event "chess.com SpeedChess Q1Sw"]
[Site "chess.com INT"]
[Date "2022.11.10"]
[Round "5"]
[White "Naroditsky, Daniel"]
[Black "Sjugirov, Sanan"]
[Result "1-0"]
[WhiteTitle "GM"]
[BlackTitle "GM"]
[WhiteElo "2617"]
[BlackElo "2712"]
[WhiteFideId "2026961"]
[BlackFideId "4189302"]
[EventDate "2022.11.10"]

1. e4 e5 2. Nf3 Nc6 3. Bb5 Nf6 4. O-O Nxe4 5. d4 Nd6 6. Ba4 exd4 7. c3 Be7 8.
cxd4 b5 9. Bb3 O-O 10. Nc3 Bb7 11. Re1 Bf6 12. Ne5 Na5 13. Bc2 g6 14. Qg4 Re8
15. Bh6 b4 16. Na4 Bc6 17. Nc5 Nac4 18. Nexd7 Nb6 19. Ne5 Bd5 20. Rad1 a5 21. b3
a4 22. h3 axb3 23. Bxb3 Qc8 24. Qf4 Qf5 25. Qg3 Bxb3 26. axb3 Bxe5 27. dxe5 Nb5
28. Rd3 Rad8 29. Rf3 Qc8 30. e6 f5 31. Qe5 Re7 32. Bg5 Rde8 33. Bxe7 Rxe7 34.
Nd7 1-0

[Event "chess.com SpeedChess Q1Sw"]
[Site "chess.com INT"]
[Date "2022.11.10"]
[Round "5"]
[White "Arencibia Monduy, Antonio"]
[Black "Lee, Addison"]
[Result "1-0"]
[WhiteTitle "CM"]
[WhiteElo "2100"]
[BlackElo "2079"]
[WhiteFideId "3507939"]
[BlackFideId "30924570"]
[EventDate "2022.11.10"]

1. d3 g6 2. c3 Bg7 3. e4 d6 4. Nf3 Nf6 5. Qc2 O-O 6. Be2 e5 7. h4 c6 8. Bg5 h6
9. Bd2 Bg4 10. Be3 Kh7 11. Nbd2 Nbd7 12. Nf1 d5 13. Ng3 dxe4 14. dxe4 Qe7 15.
O-O-O Rfd8 16. Ng5+ Kg8 17. f3 Be6 18. Nxe6 Qxe6 19. Kb1 Nb6 20. h5 g5 21. Nf5
Nc4 22. Bc1 b5 23. g3 a5 24. b3 Nb6 25. Be3 Nbd7 26. Rd6 Qe8 27. Rhd1 Nf8 28.
Nxh6+ Kh7 29. Nf5 Rxd6 30. Nxd6 Qe7 31. Nf5 Qe6 32. g4 Re8 33. Rd6 Qc8 34. Qd2
Ne6 35. Bxg5 Nxg5 36. Qxg5 Rg8 37. Rxf6 1-0

[Event "chess.com SpeedChess Q1Sw"]
[Site "chess.com INT"]
[Date "2022.11.10"]
[Round "5"]
[White "Mamedov, Rauf"]
[Black "Bluebaum, Matthias"]
[Result "1-0"]
[WhiteTitle "GM"]
[BlackTitle "GM"]
[WhiteElo "2646"]
[BlackElo "2651"]
[WhiteFideId "13401653"]
[BlackFideId "24651516"]
[EventDate "2022.11.10"]

1. e4 e6 2. d4 d5 3. Nd2 c5 4. exd5 Qxd5 5. dxc5 Nf6 6. Ngf3 Qxc5 7. Bd3 Qc7 8.
Qe2 Nbd7 9. Nb3 Bd6 10. Nbd4 a6 11. Nf5 Bb4+ 12. c3 Bxc3+ 13. bxc3 Qxc3+ 14. Qd2
Qxd2+ 15. Kxd2 exf5 16. Re1+ Ne4+ 17. Bxe4 fxe4 18. Rxe4+ Kd8 19. Ng5 Kc7 20.
Ba3 Nf6 21. Re7+ Kb6 22. Rb1+ Ka5 23. Nxf7 Re8 24. Nd6 Rd8 25. Bb4+ Ka4 26. Re3
Ne4+ 27. Rxe4 Bf5 28. Ke3 Bxe4 29. Nxe4 Re8 30. Bc3 b5 31. Bxg7 Ka3 32. Kd3 Rac8
33. Nc3 Rxc3+ 34. Bxc3 Kxa2 35. Ra1+ Kb3 36. Rxa6 b4 37. Bxb4 Kxb4 38. Ra7 h5
39. Rh7 Rg8 40. g3 Rg5 41. f4 Ra5 42. Ke4 Kc4 43. f5 Ra1 44. f6 Re1+ 45. Kf5 Kd5
46. Kg6 Rf1 47. Re7 h4 48. f7 hxg3 49. hxg3 Kd6 50. Re8 Rf3 51. f8=Q+ Rxf8 52.
Rxf8 1-0

[Event "chess.com SpeedChess Q1Sw"]
[Site "chess.com INT"]
[Date "2022.11.10"]
[Round "5"]
[White "Mikhailov, Viacheslav"]
[Black "Durarbayli, Vasif"]
[Result "0-1"]
[WhiteTitle "IM"]
[BlackTitle "GM"]
[WhiteElo "2428"]
[BlackElo "2612"]
[WhiteFideId "4187369"]
[BlackFideId "13402935"]
[EventDate "2022.11.10"]

1. Nf3 c5 2. g3 Nc6 3. d4 cxd4 4. Nxd4 e5 5. Nxc6 dxc6 6. Qxd8+ Kxd8 7. Nc3 Bf5
8. e4 Be6 9. f4 f6 10. Be3 Kc7 11. O-O-O b5 12. a3 a5 13. Be2 a4 14. Rd3 b4 15.
axb4 Bxb4 16. Rhd1 Ne7 17. f5 Nxf5 18. exf5 Bxf5 19. Na2 Bxd3 20. Bxd3 Ba5 21.
Bc5 Rad8 22. Rf1 Rd5 23. Bb4 Bxb4 24. Nxb4 Rd6 25. Be4 Rd4 26. Nxc6 Rxe4 27. Ne7
Rd8 28. Nf5 Rd7 29. Kb1 Re2 30. h4 Rdd2 31. Rc1 g6 32. Nh6 f5 33. Nf7 Re3 34. h5
gxh5 35. Nh6 f4 36. gxf4 exf4 37. Rh1 Ree2 38. Rc1 f3 39. Nf5 f2 40. Ng3 Re1 41.
c4 Rdd1 0-1

[Event "chess.com SpeedChess Q1Sw"]
[Site "chess.com INT"]
[Date "2022.11.10"]
[Round "5"]
[White "Kamsky, Gata"]
[Black "Salem, A.R. Saleh"]
[Result "1-0"]
[WhiteTitle "GM"]
[BlackTitle "GM"]
[WhiteElo "2666"]
[BlackElo "2677"]
[WhiteFideId "2000024"]
[BlackFideId "9301348"]
[EventDate "2022.11.10"]

1. e4 e5 2. Nf3 Nc6 3. Bb5 a6 4. Ba4 Nf6 5. O-O Be7 6. Re1 b5 7. Bb3 O-O 8. c3
d5 9. d3 Bb7 10. Nbd2 d4 11. cxd4 Nxd4 12. Nxe5 c5 13. Ndf3 Nxb3 14. Qxb3 c4 15.
dxc4 Nxe4 16. cxb5 Nc5 17. Qd1 axb5 18. Qxd8 Rfxd8 19. b4 Nb3 20. Rb1 Nxc1 21.
Rexc1 Be4 22. Rb3 Bd5 23. Rd3 f6 24. Rcd1 Bxa2 25. Rxd8+ Rxd8 26. Rxd8+ Bxd8 27.
Nc6 Bb6 28. Ncd4 Bc4 29. g4 Kf7 30. Nf5 Bc7 31. Ne3 Be6 32. Nd4 Bd7 33. h3 Bb6
34. Nec2 h5 35. f3 f5 36. gxh5 Kf6 37. Kf2 f4 38. Ke2 Ke5 39. Kd3 Ba7 40. Kc3
Bb6 41. h4 Bd8 42. Nb3 Bxh4 43. Ncd4 1-0

[Event "chess.com SpeedChess Q1Sw"]
[Site "chess.com INT"]
[Date "2022.11.10"]
[Round "5"]
[White "Vaibhav, Jayant Raut"]
[Black "Petrosyan, Manuel"]
[Result "0-1"]
[WhiteTitle "CM"]
[BlackTitle "GM"]
[WhiteElo "2247"]
[BlackElo "2621"]
[WhiteFideId "5089034"]
[BlackFideId "13300857"]
[EventDate "2022.11.10"]

1. c4 e6 2. Nf3 d5 3. d4 Nf6 4. g3 Bb4+ 5. Bd2 Be7 6. Bg2 O-O 7. O-O c6 8. Qc2
b6 9. Rd1 Ba6 10. b3 Nbd7 11. Bf4 Rc8 12. Nbd2 c5 13. dxc5 Bxc5 14. Qb2 Qe7 15.
a3 Ng4 16. e3 e5 17. Bg5 f6 18. cxd5 fxg5 19. Ne4 Ndf6 20. Nfxg5 Nxe3 21. fxe3
Bxe3+ 22. Kh1 Ng4 23. d6 Qd7 24. b4 Bc4 25. Re1 Rf2 26. Qc3 Bd4 27. Qc1 h6 28.
Nh3 Rb2 29. Qd1 Bb3 30. Qf3 Rf8 31. Qd3 b5 32. Nc5 Bxc5 33. bxc5 Nf2+ 34. Nxf2
Rfxf2 35. Qe4 Rxg2 36. Qxg2 Rxg2 37. Kxg2 Qc6+ 38. Kh3 Be6+ 39. Kh4 Qf3 40. h3
g5# 0-1

[Event "chess.com SpeedChess Q1Sw"]
[Site "chess.com INT"]
[Date "2022.11.10"]
[Round "5"]
[White "De Silva, L M S T"]
[Black "Zhigalko, Sergei"]
[Result "0-1"]
[WhiteTitle "IM"]
[BlackTitle "GM"]
[WhiteElo "2521"]
[BlackElo "2572"]
[WhiteFideId "9953698"]
[BlackFideId "13502956"]
[EventDate "2022.11.10"]

1. Nf3 d5 2. b3 Bg4 3. Bb2 Nf6 4. d4 e6 5. e3 Be7 6. Be2 O-O 7. O-O c5 8. c4
dxc4 9. Bxc4 Nbd7 10. Nbd2 Rc8 11. h3 Bh5 12. Be2 Qc7 13. Rc1 Qb8 14. Ne5 Bxe2
15. Qxe2 Nxe5 16. dxe5 Nd5 17. Ne4 Rfd8 18. Rfd1 b6 19. Qg4 Qc7 20. Nf6+ Kh8 21.
Nh5 Bf8 22. Nf4 Nb4 23. a3 Nc6 24. Nd3 Rd5 25. Nf4 Rdd8 26. Nd3 Rd7 27. b4 Rcd8
28. Qe2 Qb7 29. b5 Ne7 30. e4 Ng6 31. f4 c4 32. Nf2 Nxf4 33. Qxc4 Bc5 34. Rd6 h6
35. Rcd1 Bxd6 36. exd6 Rc8 37. Qd4 Ne2+ 38. Kh2 Nxd4 39. Bxd4 f6 40. e5 Rf8 41.
Ng4 f5 42. Ne3 Rc8 43. Nxf5 exf5 44. e6 Rxd6 45. Bxg7+ Qxg7 46. Rxd6 Qe5+ 0-1

[Event "chess.com SpeedChess Q1Sw"]
[Site "chess.com INT"]
[Date "2022.11.10"]
[Round "5"]
[White "Csonka, Balazs"]
[Black "Jodorcovsky Werjivker, Paulo"]
[Result "1-0"]
[WhiteTitle "IM"]
[BlackTitle "CM"]
[WhiteElo "2497"]
[BlackElo "2220"]
[WhiteFideId "742910"]
[BlackFideId "3700305"]
[EventDate "2022.11.10"]

1. e4 e5 2. Nf3 Nc6 3. Bc4 Nf6 4. d3 Bc5 5. O-O O-O 6. h3 d6 7. c3 a6 8. Bb3 h6
9. Re1 Be6 10. Nbd2 Bxb3 11. axb3 Nh5 12. b4 Bb6 13. Nc4 Ba7 14. Be3 Bxe3 15.
Nxe3 Nf4 16. Kh2 Ne7 17. g3 Nfg6 18. d4 f5 19. exf5 Nxf5 20. dxe5 dxe5 21. Ng4
Qxd1 22. Raxd1 Rae8 23. Nfxe5 Nxe5 24. Nxe5 Nd6 25. Kg2 Re6 26. Nd3 Ref6 27. f4
b6 28. Ne5 Re8 29. Nd7 Rfe6 30. Rxe6 Rxe6 31. Ne5 g5 32. Kf3 Kg7 33. Rd5 gxf4
34. gxf4 Nf5 35. Ng4 Nh4+ 36. Kg3 Ng6 37. f5 c6 38. Rd2 Re1 39. fxg6 Kxg6 40.
Rd6+ Kg7 41. Rxc6 a5 42. Rxb6 a4 43. Ra6 Rb1 44. Rxa4 Rxb2 45. Kh4 Rb3 46. Ra7+
Kg6 47. Ra6+ Kg7 48. Rc6 1-0